000
00342nam a2200145Ia 4500
008
150201s2008 xx 000 0 und d
082
_a
616.89
_b
P08V
100
_a
VYAS, J.N.
245
_a
TB. OF POSTGRADUATE PSYCHIATRY -2
250
_a
2ND
260
_b
JAYPEE
_a
DELHI
_c
2008
300
_a
1-1058
650
_a
PSYCHIATRY
942
_2
ddc
_c
BK
999
_c
1573
_d
1573